| 000 | 00000nam##2200000za#4500 |
| 001 | 9.697952 |
| 003 | CaOODSP |
| 005 | 20210624235717 |
| 007 | cr ||||||||||| |
| 008 | 150407|2003||||xxc|||||o f|0| 0 eng|d |
| 040 | |aCaOODSP|beng |
| 043 | |an-cn--- |
| 086 | 1 |aEn4-175/2003E-PDF |
| 110 | 1 |aCanada. |bEnvironment Canada. |bAudit and Evaluation Branch. |
| 245 | 10|aFollow-up to the audit of the Occupational Health and Safety Program |h[electronic resource] |
| 260 | |aGatineau - Quebec : |bEnvironment Canada. |c[2003]. |
| 300 | |a13p.|btables |
| 590 | |a13-14-Supp|b2013-05-30 |
| 775 | 08|tSuivi de la vérification du Programme de santé et de sécurité au travail |w(CaOODSP)9.641944 |
| 856 | 40|ahttp://publications.gc.ca|qPDF|s66 KB|uhttps://publications.gc.ca/collections/collection_2013/ec/En4-175-2003-eng.pdf |